Parma Calcio Squad 2019-2020 - Statistics

General Stats
  • This quiz has been taken 18 times
  • The average score is 15 of 29
Answer Stats
# Position Nation Player % Correct
1 GK Italy Luigi Sepe
100%
22 DF Portugal Bruno Alves
92%
33 MF Slovakia Juraj Kucka
92%
11 FW Denmark Andreas Cornelius
85%
44 FW Sweden Dejan Kulusevski
85%
27 FW Ivory Coast Gervinho
85%
28 DF Sweden Riccardo Gagliolo
85%
10 MF Brazil Hernani
77%
7 FW France Yann Karamoh
77%
19 MF Slovenia Jasmin Kurtić
69%
9 FW Italy Roberto Inglese
69%
- Coach Italy Roberto D'Aversa
62%
2 DF Italy Simone Iacoponi
62%
15 MF Uruguay Gastón Brugman
46%
92 GK Romania Ionuț Radu
46%
3 DF Albania Kastriot Dermaku
46%
34 GK Italy Simone Colombi
46%
8 MF Italy Alberto Grassi
38%
17 MF Italy Antonino Barillà
38%
26 FW Italy Luca Siligardi
38%
36 DF Italy Matteo Darmian
38%
93 FW Italy Mattia Sprocati
31%
16 DF France Vincent Laurini
31%
97 DF Italy Giuseppe Pezzella
15%
21 MF Italy Matteo Scozzarella
15%
5 DF Italy Vasco Regini
15%
20 FW Italy Gianluca Caprari
8%
88 FW Italy Andrea Adorante
0%
53 GK Italy Fabrizio Alastra
0%
No matching quizzes found
Score Distribution
Percent of People with Each Score
Percentile by Number Answered
Your Score History
You have not taken this quiz